Essentials of english philology, phonetics, linguistics / (Record no. 42633)

MARC details
000 -LEADER
fixed length control field 00773nam a22002417a 4500
005 - DATE AND TIME OF LATEST TRANSACTION
control field 20100819113936.0
010 ## - LCCN (DPL NO)
LC control number ENG-101031
020 ## - INTERNATIONAL STANDARD BOOK NUMBER
Terms of availability 150.00
International Standard Book Number 9788189293888
020 ## - INTERNATIONAL STANDARD BOOK NUMBER
Terms of availability 150.00
International Standard Book Number 8189293029
035 ## - SYSTEM CONTROL NUMBER
System control number EN-84564
037 ## - SOURCE OF ACQUISITION
Source of stock number/acquisition DBAD/PUB
082 ## - DEWEY DECIMAL CLASSIFICATION NUMBER
Classification number 480
100 ## - MAIN ENTRY--PERSONAL NAME
Personal name Gangopadhyay, Avik
245 ## - TITLE STATEMENT
Title Essentials of english philology, phonetics, linguistics /
Statement of responsibility, etc by Avik Gangopadhyay
260 ## - PUBLICATION, DISTRIBUTION, ETC. (IMPRINT)
Place of publication, distribution, etc Kolkata
Name of publisher, distributor, etc Books Way
Date of publication, distribution, etc 2009
270 ## - ADDRESS
Address 86A College Street
City Kolkata
Postal code 700073
300 ## - PHYSICAL DESCRIPTION
Extent 214 p.
Other physical details 22cm (Pbk)
500 ## - GENERAL NOTE
General note Includes bibliographical references
700 ## - ADDED ENTRY--PERSONAL NAME
9 (RLIN) 15115
700 ## - ADDED ENTRY--PERSONAL NAME
9 (RLIN) 15135
942 ## - ADDED ENTRY ELEMENTS (KOHA)
Source of classification or shelving scheme Dewey Decimal Classification
Item type English Books
Classification part 480
Call number suffix GAN
Holdings
Withdrawn status Lost status Not for loan Collection code Home library Current library Date acquired Cost, normal purchase price Full call number Barcode Copy number Cost, replacement price Koha item type
    Not For Loan Non-fiction D.B.Act.Division D.B.Act.Division 19/08/2010 150.00 480 GAN EN-84564 1 150.00 English Books

© Delhi Public Library
Hit Counter
free hit counter